Normal view
MARC view
Entry Topical Term
001 - CONTROL NUMBER
- control field: 4145
003 - CONTROL NUMBER IDENTIFIER
- control field: OSt
005 - DATE AND TIME OF LATEST TRANSACTION
- control field: 20150424172523.0
008 - FIXED-LENGTH DATA ELEMENTS
- fixed length control field: 150424|| aca||aabn | a|a d
040 ## - CATALOGING SOURCE
- Original cataloging agency: OSt
- Transcribing agency: OSt
150 ## - HEADING--TOPICAL TERM
- Topical term or geographic name entry element: Mouth
- General subdivision: Anatomy
- Form subdivision: Examinations, questions, etc.
670 ## - SOURCE DATA FOUND
- Source citation: Work cat.: (OSt)1571: Berkovitz, B. K. B. 344, Oral anatomy, embryology and histology /, 2002.
